Statistics for Days of the Week in Alphabetic Order

Click here to take the quiz!

General Stats

  • This quiz has been taken 49 times
  • The average score is 5 of 7

Answer Stats

day% Correct
Friday
97%
Monday
91%
Saturday
66%
Sunday
66%
Thursday
60%
Wednesday
51%
Tuesday
49%

Score Distribution

Percentile by Number Answered

Percent of People with Each Score

Your Score History

You have not taken this quiz